Normal view
MARC view
Entry Personal Name
001 - CONTROL NUMBER
- control field: 168282
003 - CONTROL NUMBER IDENTIFIER
- control field: OSt
005 - DATE AND TIME OF LATEST TRANSACTION
- control field: 20220923224951.0
008 - FIXED-LENGTH DATA ELEMENTS
- fixed length control field: 220923|| aca||aabn | a|a d
040 ## - CATALOGING SOURCE
- Original cataloging agency: OSt
- Transcribing agency: OSt
100 ## - HEADING--PERSONAL NAME
- Personal name: सरकार, सुमित; आदित्य नारायण सिंह, अनु
670 ## - SOURCE DATA FOUND
- Source citation: Work cat.: (OSt)375068: सरकार, सुमित; आदित्य नारायण सिंह, अनु., बंगाल में स्वदेशी आंदोलन, 1997
